Méréstechnikai alapismeretek

Elmentve itt :
Bibliográfiai részletek
Szerzők: Sárosi József
Fabulya Zoltán
Dokumentumtípus: Egyéb
Kulcsszavak:méréstechnika
Tárgyszavak:
Online Access:http://eta.bibl.u-szeged.hu/1725
LEADER 00586nnm a2200169 i 4500
001 eta1725
005 20190206163304.0
008 190206suuuu hu o 0|| hun d
040 |a SZTE Elektronikus Tananyag Archívum  |b hun 
041 |a hun 
100 1 |a Sárosi József 
245 1 0 |a Méréstechnikai alapismeretek  |h [elektronikus dokumentum] /  |c  Sárosi József 
516 |a Other 
650 4 |a Műszaki és technológiai tudományok 
695 |a méréstechnika 
700 0 1 |a Fabulya Zoltán  |e aut 
856 4 0 |u https://eta.bibl.u-szeged.hu/1725/1/merestechnikai_alapismeretek4.zip  |z Dokumentum-elérés